[Event "DEM U12w 2021"]
[Site "Willingen GER"]
[Date "2021.08.27"]
[Round "7"]
[White "Moldovan, Tatiana"]
[Black "Trunz, Tamila"]
[Result "1/2-1/2"]
[Termination "normal"]
[Board "5"]
[WhiteElo "1437"]
[BlackElo "1353"]
[WhiteClock "00:40:45"]
[BlackClock "00:01:27"]
[PlyCount "81"]
[WhiteFideId "16287398"]
[BlackFideId "16267885"]
[EventCountry "GER"]
[EventRounds "9"]
[EventType "swiss"]
[EventDate "2021.08.22"]

1. e4 {[%clk 1:30:07]} e5 {[%clk 1:30:25]} 2. Nf3 {[%clk 1:30:28]} Nc6 {[%clk
1:30:31]} 3. Bb5 {[%clk 1:30:10]} a6 {[%clk 1:30:47]} 4. Ba4 {[%clk 1:30:22]}
Nf6 {[%clk 1:30:49]} 5. d4 {[%clk 1:29:47]} exd4 {[%clk 1:30:54]} 6. O-O {[%clk
1:30:04]} Be7 {[%clk 1:30:44]} 7. Re1 {[%clk 1:30:18]} b5 {[%clk 1:30:03]} 8.
Bb3 {[%clk 1:30:36]} d6 {[%clk 1:28:15]} 9. Bd5 {[%clk 1:30:26]} Nxd5 {[%clk
1:28:01]} 10. exd5 {[%clk 1:30:41]} Ne5 {[%clk 1:26:45]} 11. Nxe5 {[%clk
1:30:49]} dxe5 {[%clk 1:26:05]} 12. Rxe5 {[%clk 1:30:54]} O-O {[%clk 1:24:48]}
13. c3 {[%clk 1:24:26]} d3 {[%clk 1:13:15]} 14. Qxd3 {[%clk 1:16:50]} Bf6
{[%clk 1:11:35]} 15. Re1 {[%clk 1:16:34]} Bb7 {[%clk 1:08:25]} 16. Rd1 {[%clk
1:13:21]} Re8 {[%clk 1:01:24]} 17. Bf4 {[%clk 1:08:35]} Qe7 {[%clk 0:50:44]}
18. Nd2 {[%clk 1:04:59]} Rad8 {[%clk 0:45:27]} 19. Nf3 {[%clk 1:00:23]} Rxd5
{[%clk 0:40:42]} 20. Qe3 {[%clk 1:00:23]} Rxd1+ {[%clk 0:30:09]} 21. Rxd1
{[%clk 0:56:45]} Qxe3 {[%clk 0:30:01]} 22. Bxe3 {[%clk 0:55:40]} Bxf3 {[%clk
0:28:43]} 23. gxf3 {[%clk 0:56:01]} Rd8 {[%clk 0:28:31]} 24. Rxd8+ {[%clk
0:56:06]} Bxd8 {[%clk 0:28:55]} 25. Kf1 {[%clk 0:55:36]} Kf8 {[%clk 0:27:51]}
26. Ke2 {[%clk 0:56:03]} Ke7 {[%clk 0:26:49]} 27. Kd3 {[%clk 0:56:16]} Kd6
{[%clk 0:22:25]} 28. c4 {[%clk 0:55:20]} c6 {[%clk 0:19:35]} 29. b4 {[%clk
0:55:11]} Bf6 {[%clk 0:16:42]} 30. Bd4 {[%clk 0:54:20]} Be5 {[%clk 0:11:36]}
31. Bxe5+ {[%clk 0:53:36]} Kxe5 {[%clk 0:11:55]} 32. cxb5 {[%clk 0:53:58]} axb5
{[%clk 0:11:09]} 33. Ke3 {[%clk 0:54:10]} g5 {[%clk 0:09:21]} 34. h3 {[%clk
0:44:21]} h5 {[%clk 0:08:08]} 35. a3 {[%clk 0:43:29]} f6 {[%clk 0:07:29]} 36.
f4+ {[%clk 0:40:12]} gxf4+ {[%clk 0:06:51]} 37. Kd3 {[%clk 0:40:24]} f5 {[%clk
0:04:30]} 38. f3 {[%clk 0:40:15]} h4 {[%clk 0:03:23]} 39. Kc3 {[%clk 0:40:24]}
Kd5 {[%clk 0:02:07]} 40. Kd3 {[%clk 0:40:23]} Ke5 {[%clk 0:01:27]} 41. Kc3
{[%clk 0:40:45]} 1/2-1/2

[Event "DEM U12w 2021"]
[Site "Willingen GER"]
[Date "2021.08.27"]
[Round "7"]
[White "Burlutskaia, Maria"]
[Black "Pröttel, Ela"]
[Result "1-0"]
[Termination "normal"]
[Board "6"]
[WhiteElo "1337"]
[BlackElo "1182"]
[WhiteClock "01:19:12"]
[BlackClock "00:17:17"]
[PlyCount "121"]
[WhiteFideId "34607137"]
[BlackFideId "44582749"]
[EventCountry "GER"]
[EventRounds "9"]
[EventType "swiss"]
[EventDate "2021.08.22"]

1. e4 {[%clk 1:30:57]} c5 {[%clk 1:30:53]} 2. Nc3 {[%clk 1:31:08]} d6 {[%clk
1:29:10]} 3. f4 {[%clk 1:29:16]} Nc6 {[%clk 1:27:24]} 4. Be2 {[%clk 1:26:13]}
Nf6 {[%clk 1:23:12]} 5. h3 {[%clk 1:23:38]} g6 {[%clk 1:17:02]} 6. Nf3 {[%clk
1:21:29]} Bg7 {[%clk 1:12:24]} 7. d3 {[%clk 1:17:12]} Nd7 {[%clk 1:04:47]} 8.
Be3 {[%clk 1:13:49]} e5 {[%clk 1:00:36]} 9. g4 {[%clk 1:01:53]} exf4 {[%clk
0:45:27]} 10. Bxf4 {[%clk 0:59:30]} Nde5 {[%clk 0:41:01]} 11. Qd2 {[%clk
0:58:12]} Nxf3+ 12. Bxf3 {[%clk 0:58:21]} Qh4+ {[%clk 0:39:10]} 13. Qf2 {[%clk
0:58:29]} Nd4 14. Bg3 {[%clk 0:48:05]} Qf6 {[%clk 0:10:02]} 15. Rf1 {[%clk
0:42:00]} Nxf3+ {[%clk 0:08:16]} 16. Qxf3 {[%clk 0:40:01]} Qxf3 {[%clk
0:06:58]} 17. Rxf3 {[%clk 0:38:18]} Bxc3+ {[%clk 0:02:16]} 18. bxc3 {[%clk
0:38:38]} Ke7 {[%clk 0:02:28]} 19. Bh4+ {[%clk 0:38:31]} Ke8 {[%clk 0:01:03]}
20. Kd2 {[%clk 0:38:25]} Be6 {[%clk 0:01:05]} 21. d4 {[%clk 0:38:45]} h6 {[%clk
0:00:41]} 22. Bf6 {[%clk 0:38:09]} Rg8 {[%clk 0:00:40]} 23. d5 {[%clk 0:38:18]}
Bd7 {[%clk 0:00:41]} 24. g5 {[%clk 0:37:45]} h5 {[%clk 0:00:36]} 25. Re1 {[%clk
0:37:51]} Kf8 {[%clk 0:00:37]} 26. e5 {[%clk 0:38:10]} Re8 {[%clk 0:00:34]} 27.
exd6 {[%clk 0:38:26]} Rxe1 {[%clk 0:00:52]} 28. Kxe1 {[%clk 0:38:48]} Bf5
{[%clk 0:00:52]} 29. Rxf5 {[%clk 0:39:09]} Ke8 {[%clk 0:00:33]} 30. Re5+ {[%clk
0:39:19]} Kd7 {[%clk 0:00:47]} 31. Re7+ {[%clk 0:39:44]} Kxd6 {[%clk 0:01:02]}
32. Rxb7 {[%clk 0:40:05]} Kxd5 {[%clk 0:00:39]} 33. Rxa7 {[%clk 0:40:25]} Re8+
{[%clk 0:00:35]} 34. Re7 {[%clk 0:40:30]} Ra8 {[%clk 0:00:39]} 35. Rxf7 {[%clk
0:40:43]} Rxa2 {[%clk 0:00:48]} 36. Kd2 {[%clk 0:41:03]} Ra1 {[%clk 0:00:47]}
37. c4+ {[%clk 0:41:28]} Ke6 {[%clk 0:00:41]} 38. Bxa1 {[%clk 0:41:30]} Kxf7
{[%clk 0:01:03]} 39. Ke3 {[%clk 0:41:53]} Ke6 {[%clk 0:00:35]} 40. Ke4 {[%clk
0:42:16]} Kd6 {[%clk 0:00:34]} 41. Bb2 {[%clk 0:42:30]} Ke6 {[%clk 0:29:25]}
42. Ba3 {[%clk 1:12:55]} Kd6 {[%clk 0:28:37]} 43. Bxc5+ {[%clk 1:13:20]} Kxc5
{[%clk 0:23:51]} 44. Ke5 {[%clk 1:13:41]} Kxc4 {[%clk 0:23:58]} 45. Kf6 {[%clk
1:13:57]} Kc3 {[%clk 0:24:13]} 46. Kxg6 {[%clk 1:14:18]} Kxc2 {[%clk 0:24:21]}
47. Kf5 {[%clk 1:14:39]} Kd3 48. g6 Ke3 {[%clk 0:22:24]} 49. g7 {[%clk
1:15:16]} Kf3 {[%clk 0:22:40]} 50. g8=R {[%clk 1:15:23]} h4 {[%clk 0:22:47]}
51. Rg4 {[%clk 1:15:47]} Kf2 {[%clk 0:22:19]} 52. Re4 {[%clk 1:16:08]} Kf3
{[%clk 0:20:06]} 53. Rxh4 {[%clk 1:16:05]} Kg3 {[%clk 0:20:09]} 54. Rf4 {[%clk
1:16:30]} Kxh3 {[%clk 0:19:24]} 55. Rg4 {[%clk 1:16:55]} Kh2 {[%clk 0:19:33]}
56. Kf4 {[%clk 1:17:21]} Kh3 {[%clk 0:16:55]} 57. Kf3 {[%clk 1:17:46]} Kh2
{[%clk 0:17:12]} 58. Rg3 {[%clk 1:18:10]} Kh1 {[%clk 0:17:13]} 59. Kf2 {[%clk
1:18:32]} Kh2 {[%clk 0:17:23]} 60. Rf3 {[%clk 1:18:47]} Kh1 {[%clk 0:17:17]}
61. Rh3# {[%clk 1:19:12]} 1-0

[Event "DEM U12w 2021"]
[Site "Willingen GER"]
[Date "2021.08.27"]
[Round "7"]
[White "Bauer, Laura Sophie"]
[Black "Hergenröder, Cora"]
[Result "1/2-1/2"]
[Termination "normal"]
[Board "7"]
[WhiteElo "1309"]
[BlackElo "1463"]
[WhiteClock "00:20:54"]
[BlackClock "00:12:25"]
[PlyCount "48"]
[WhiteFideId "16253647"]
[BlackFideId "34603700"]
[EventCountry "GER"]
[EventRounds "9"]
[EventType "swiss"]
[EventDate "2021.08.22"]

1. e4 {[%clk 1:30:58]} c6 {[%clk 1:30:56]} 2. d4 {[%clk 1:31:23]} d5 {[%clk
1:31:20]} 3. Nc3 {[%clk 1:31:48]} dxe4 {[%clk 1:31:35]} 4. Nxe4 {[%clk
1:32:11]} Nf6 {[%clk 1:32:00]} 5. Nxf6+ {[%clk 1:32:32]} exf6 {[%clk 1:32:24]}
6. Bc4 {[%clk 1:32:35]} Bd6 {[%clk 1:32:09]} 7. Nf3 {[%clk 1:32:07]} O-O {[%clk
1:31:47]} 8. O-O {[%clk 1:31:56]} Re8 {[%clk 1:29:49]} 9. c3 {[%clk 1:30:37]}
Qc7 {[%clk 1:27:20]} 10. h3 {[%clk 1:28:04]} Nd7 {[%clk 1:22:05]} 11. Re1
{[%clk 1:24:59]} Qd8 {[%clk 1:17:24]} 12. Rxe8+ {[%clk 1:12:35]} Qxe8 {[%clk
1:17:45]} 13. Bd2 {[%clk 1:11:38]} Nb6 {[%clk 1:14:39]} 14. Bb3 {[%clk
1:09:20]} Be6 {[%clk 1:03:24]} 15. Qc2 {[%clk 1:02:18]} Qd7 {[%clk 0:49:17]}
16. Re1 {[%clk 0:55:35]} Bf5 {[%clk 0:48:26]} 17. Qc1 {[%clk 0:52:53]} Re8
{[%clk 0:30:10]} 18. Nh4 {[%clk 0:42:28]} Rxe1+ {[%clk 0:25:41]} 19. Qxe1
{[%clk 0:41:18]} Be6 {[%clk 0:24:45]} 20. Qc1 {[%clk 0:32:45]} Bc7 {[%clk
0:14:04]} 21. Bxe6 {[%clk 0:22:33]} Qxe6 22. Qe1 {[%clk 0:22:19]} Qxe1+ {[%clk
0:14:18]} 23. Bxe1 {[%clk 0:22:37]} g6 {[%clk 0:13:06]} 24. b3 {[%clk 0:20:54]}
Kf8 {[%clk 0:12:25]} 1/2-1/2

[Event "DEM U12w 2021"]
[Site "Willingen GER"]
[Date "2021.08.27"]
[Round "7"]
[White "Moldovan, Stela"]
[Black "Flierl, Veronika"]
[Result "0-1"]
[Termination "normal"]
[Board "8"]
[WhiteElo "1251"]
[BlackElo "1372"]
[WhiteClock "00:45:21"]
[BlackClock "00:44:15"]
[PlyCount "38"]
[WhiteFideId "16287380"]
[BlackFideId "34603697"]
[EventCountry "GER"]
[EventRounds "9"]
[EventType "swiss"]
[EventDate "2021.08.22"]

1. e4 {[%clk 1:30:49]} c6 {[%clk 1:30:55]} 2. d4 {[%clk 1:31:13]} d5 {[%clk
1:31:21]} 3. e5 {[%clk 1:31:34]} Bf5 {[%clk 1:31:43]} 4. h4 {[%clk 1:31:51]} h5
{[%clk 1:28:51]} 5. Bd3 {[%clk 1:32:05]} Bxd3 {[%clk 1:29:09]} 6. Qxd3 {[%clk
1:32:24]} e6 {[%clk 1:29:12]} 7. Nf3 {[%clk 1:30:44]} Ne7 {[%clk 1:13:50]} 8.
Ng5 {[%clk 1:29:56]} Nf5 {[%clk 1:11:29]} 9. Nd2 {[%clk 1:26:41]} Qb6 {[%clk
1:06:17]} 10. c3 {[%clk 1:25:16]} c5 {[%clk 1:05:33]} 11. Nb3 {[%clk 1:23:50]}
c4 {[%clk 1:04:56]} 12. Qc2 {[%clk 1:22:18]} cxb3 {[%clk 1:04:45]} 13. axb3
{[%clk 1:22:37]} Nc6 {[%clk 1:04:00]} 14. b4 {[%clk 1:17:54]} Nfxd4 {[%clk
0:53:58]} 15. cxd4 {[%clk 1:16:23]} Bxb4+ {[%clk 0:54:14]} 16. Kf1 {[%clk
1:14:50]} Qxd4 {[%clk 0:53:56]} 17. f4 {[%clk 1:10:21]} Rc8 {[%clk 0:48:24]}
18. f5 {[%clk 0:46:53]} Qxe5 {[%clk 0:44:15]} 19. fxe6 {[%clk 0:45:21]} Qe1#
0-1

[Event "DEM U12w 2021"]
[Site "Willingen GER"]
[Date "2021.08.27"]
[Round "7"]
[White "Haug, Mara"]
[Black "Milman, Sophie"]
[Result "1-0"]
[Termination "normal"]
[Board "10"]
[WhiteElo "1366"]
[BlackElo "1024"]
[WhiteClock "00:43:54"]
[BlackClock "00:07:01"]
[PlyCount "81"]
[WhiteFideId "16259300"]
[BlackFideId "34608885"]
[EventCountry "GER"]
[EventRounds "9"]
[EventType "swiss"]
[EventDate "2021.08.22"]

1. e4 {[%clk 1:30:57]} e5 {[%clk 1:30:54]} 2. Nc3 {[%clk 1:31:23]} Nc6 {[%clk
1:30:31]} 3. Bc4 {[%clk 1:31:43]} Bc5 {[%clk 1:30:22]} 4. Qg4 {[%clk 1:32:04]}
Qf6 {[%clk 1:26:41]} 5. Nd5 {[%clk 1:32:12]} Qxf2+ {[%clk 1:23:27]} 6. Kd1
{[%clk 1:31:13]} Kf8 {[%clk 1:19:25]} 7. Nh3 {[%clk 1:30:58]} Qd4 {[%clk
1:15:52]} 8. d3 {[%clk 1:31:00]} d6 {[%clk 1:13:27]} 9. Qf3 {[%clk 1:28:21]} f6
{[%clk 1:00:41]} 10. c3 {[%clk 1:23:59]} Qxc4 {[%clk 0:58:07]} 11. dxc4 {[%clk
1:23:20]} Bb6 {[%clk 0:57:30]} 12. Rf1 {[%clk 1:21:51]} Be6 {[%clk 0:53:24]}
13. Be3 {[%clk 1:21:02]} Rc8 {[%clk 0:50:34]} 14. Kc2 {[%clk 1:20:43]} Nce7
{[%clk 0:45:52]} 15. Ng5 {[%clk 1:17:27]} Bd7 {[%clk 0:41:16]} 16. Rad1 {[%clk
1:16:01]} h6 {[%clk 0:37:27]} 17. Nh3 {[%clk 1:15:30]} Ng6 {[%clk 0:32:27]} 18.
c5 {[%clk 1:08:31]} Bxc5 {[%clk 0:29:01]} 19. Bxc5 {[%clk 1:05:28]} dxc5 {[%clk
0:28:34]} 20. Nxf6 {[%clk 1:04:40]} Nxf6 21. Rxd7 {[%clk 1:00:34]} Kg8 {[%clk
0:21:22]} 22. Rd2 {[%clk 0:59:24]} Rf8 {[%clk 0:20:37]} 23. Qd3 {[%clk
0:57:26]} b6 {[%clk 0:19:14]} 24. Nf2 {[%clk 0:55:26]} Kh7 {[%clk 0:17:40]} 25.
Re1 {[%clk 0:51:55]} Nf4 {[%clk 0:16:42]} 26. Qf1 {[%clk 0:48:31]} Rd8 {[%clk
0:14:14]} 27. Rxd8 {[%clk 0:47:19]} Rxd8 {[%clk 0:14:16]} 28. Rd1 {[%clk
0:47:27]} Rxd1 {[%clk 0:13:43]} 29. Kxd1 {[%clk 0:46:03]} Kg6 {[%clk 0:12:35]}
30. g3 {[%clk 0:46:03]} Ne6 {[%clk 0:12:36]} 31. Qc4 {[%clk 0:45:10]} Ng5
{[%clk 0:11:45]} 32. Ke2 {[%clk 0:44:33]} Kh5 {[%clk 0:09:59]} 33. h4 {[%clk
0:44:16]} Ngh7 {[%clk 0:09:32]} 34. Qf7+ {[%clk 0:43:34]} g6 {[%clk 0:09:17]}
35. Qe7 {[%clk 0:43:23]} Ng4 {[%clk 0:07:42]} 36. Qxh7 {[%clk 0:42:54]} Nxf2
{[%clk 0:07:37]} 37. Kxf2 {[%clk 0:43:20]} g5 {[%clk 0:07:15]} 38. Qf7+ {[%clk
0:43:01]} Kg4 {[%clk 0:07:10]} 39. Qf5+ {[%clk 0:43:24]} Kh5 {[%clk 0:07:17]}
40. Kf3 {[%clk 0:43:32]} b5 {[%clk 0:07:01]} 41. Qf7# {[%clk 0:43:54]} 1-0

[Event "DEM U12w 2021"]
[Site "Willingen GER"]
[Date "2021.08.27"]
[Round "7"]
[White "Hoffmann, Svenja"]
[Black "Eger, Nora"]
[Result "1-0"]
[Termination "normal"]
[Board "12"]
[WhiteElo "1307"]
[BlackElo "1281"]
[WhiteClock "01:09:18"]
[BlackClock "00:53:38"]
[PlyCount "67"]
[WhiteFideId "16287312"]
[BlackFideId "34605827"]
[EventCountry "GER"]
[EventRounds "9"]
[EventType "swiss"]
[EventDate "2021.08.22"]

1. e4 {[%clk 1:30:56]} d6 {[%clk 1:30:50]} 2. d4 {[%clk 1:30:56]} Nf6 {[%clk
1:30:59]} 3. Nc3 {[%clk 1:30:50]} g6 {[%clk 1:31:08]} 4. Be3 {[%clk 1:30:44]}
c6 {[%clk 1:30:32]} 5. a4 {[%clk 1:30:34]} a5 {[%clk 1:30:30]} 6. h3 {[%clk
1:30:20]} Bg7 {[%clk 1:29:26]} 7. Nge2 {[%clk 1:29:54]} O-O {[%clk 1:29:19]} 8.
g4 {[%clk 1:29:19]} e5 {[%clk 1:28:59]} 9. Bg2 {[%clk 1:28:37]} Qc7 {[%clk
1:27:45]} 10. O-O {[%clk 1:28:41]} Re8 {[%clk 1:26:00]} 11. Qd2 {[%clk
1:26:39]} Nbd7 {[%clk 1:22:51]} 12. Rad1 {[%clk 1:25:52]} Nb6 {[%clk 1:21:31]}
13. b3 {[%clk 1:24:59]} d5 {[%clk 1:19:24]} 14. Ng3 {[%clk 1:22:00]} Bd7 {[%clk
1:16:24]} 15. f4 {[%clk 1:19:31]} exf4 {[%clk 1:15:56]} 16. Bxf4 {[%clk
1:18:18]} Qd8 {[%clk 1:13:51]} 17. Bg5 {[%clk 1:15:42]} Qc7 {[%clk 1:08:21]}
18. Rf4 {[%clk 1:13:03]} Nxe4 {[%clk 1:05:45]} 19. Ncxe4 {[%clk 1:11:31]} dxe4
{[%clk 1:05:48]} 20. Nxe4 {[%clk 1:11:03]} h6 {[%clk 1:02:55]} 21. Nf6+ {[%clk
1:09:57]} Bxf6 {[%clk 1:02:33]} 22. Bxf6 {[%clk 1:10:19]} Nd5 {[%clk 1:00:03]}
23. Bxd5 {[%clk 1:10:01]} cxd5 {[%clk 1:00:17]} 24. Rf3 {[%clk 1:10:07]} Kh7
{[%clk 0:59:25]} 25. Be5 {[%clk 1:09:47]} Rxe5 {[%clk 0:55:49]} 26. Rxf7+
{[%clk 1:09:44]} Kg8 {[%clk 0:56:04]} 27. Rxd7 {[%clk 1:08:43]} Qxd7 {[%clk
0:55:36]} 28. dxe5 {[%clk 1:09:02]} Kg7 {[%clk 0:55:08]} 29. c4 {[%clk
1:08:36]} Qe6 {[%clk 0:54:46]} 30. Qxd5 {[%clk 1:08:45]} Qb6+ {[%clk 0:53:56]}
31. Qd4 {[%clk 1:08:48]} Qxb3 {[%clk 0:53:40]} 32. e6+ {[%clk 1:09:10]} Kf8
{[%clk 0:53:30]} 33. Qf6+ {[%clk 1:09:00]} Ke8 {[%clk 0:53:38]} 34. Qf7# {[%clk
1:09:18]} 1-0

[Event "DEM U12w 2021"]
[Site "Willingen GER"]
[Date "2021.08.27"]
[Round "7"]
[White "Stasaitis, Paulina"]
[Black "Schube, Theresa"]
[Result "0-1"]
[Termination "normal"]
[Board "13"]
[WhiteElo "1321"]
[BlackElo "1262"]
[WhiteClock "00:49:49"]
[BlackClock "00:26:35"]
[PlyCount "132"]
[WhiteFideId "34606165"]
[BlackFideId "34608800"]
[EventCountry "GER"]
[EventRounds "9"]
[EventType "swiss"]
[EventDate "2021.08.22"]

1. d4 {[%clk 1:30:57]} Nf6 {[%clk 1:30:25]} 2. Bf4 {[%clk 1:31:10]} c5 {[%clk
1:30:27]} 3. e3 {[%clk 1:31:15]} Qb6 {[%clk 1:28:24]} 4. b3 {[%clk 1:30:19]} d5
{[%clk 1:20:44]} 5. dxc5 {[%clk 1:24:29]} Qxc5 {[%clk 1:15:35]} 6. Qd3 {[%clk
1:17:50]} g6 {[%clk 1:08:34]} 7. Qb5+ {[%clk 1:15:09]} Qxb5 {[%clk 1:08:11]} 8.
Bxb5+ {[%clk 1:15:32]} Bd7 {[%clk 1:08:01]} 9. Nc3 {[%clk 1:15:17]} a6 {[%clk
1:02:31]} 10. Bxd7+ Nbxd7 {[%clk 0:58:53]} 11. O-O-O {[%clk 1:10:54]} e6 {[%clk
0:55:41]} 12. Nf3 {[%clk 1:03:28]} Ba3+ {[%clk 0:46:51]} 13. Kb1 {[%clk
1:01:55]} Bb4 {[%clk 0:46:32]} 14. Ne2 {[%clk 1:01:23]} Ne4 {[%clk 0:46:12]}
15. Rhf1 {[%clk 0:59:15]} h6 {[%clk 0:42:19]} 16. Nfd4 {[%clk 0:57:21]} e5
{[%clk 0:40:58]} 17. f3 {[%clk 0:53:40]} Nd2+ {[%clk 0:41:01]} 18. Rxd2 {[%clk
0:52:39]} Bxd2 {[%clk 0:41:22]} 19. Rd1 {[%clk 0:51:49]} Bb4 {[%clk 0:39:25]}
20. c3 {[%clk 0:51:30]} Bc5 {[%clk 0:36:11]} 21. b4 {[%clk 0:49:45]} Bxd4
{[%clk 0:36:10]} 22. cxd4 {[%clk 0:49:49]} exf4 {[%clk 0:36:21]} 23. Nxf4
{[%clk 0:50:10]} Nf6 {[%clk 0:35:11]} 24. Rc1 {[%clk 0:50:15]} Kd7 {[%clk
0:35:25]} 25. Rc5 {[%clk 0:48:54]} b6 {[%clk 0:33:05]} 26. Rc3 {[%clk 0:46:19]}
Rac8 {[%clk 0:32:56]} 27. Ra3 {[%clk 0:46:19]} a5 {[%clk 0:27:19]} 28. bxa5
{[%clk 0:45:39]} bxa5 {[%clk 0:27:07]} 29. Rxa5 {[%clk 0:46:00]} Ra8 {[%clk
0:27:28]} 30. Rc5 {[%clk 0:45:43]} Rhc8 {[%clk 0:27:47]} 31. Nxd5 {[%clk
0:45:59]} Nxd5 {[%clk 0:26:57]} 32. Rxd5+ {[%clk 0:44:39]} Ke6 {[%clk 0:25:55]}
33. Rb5 {[%clk 0:43:22]} Rab8 {[%clk 0:26:08]} 34. Rxb8 {[%clk 0:43:44]} Rxb8+
{[%clk 0:26:32]} 35. Kc2 {[%clk 0:44:07]} Kd5 {[%clk 0:26:23]} 36. Kc3 {[%clk
0:44:24]} f5 {[%clk 0:25:56]} 37. a4 {[%clk 0:44:27]} Ra8 {[%clk 0:25:41]} 38.
Kb4 {[%clk 0:44:37]} f4 {[%clk 0:25:58]} 39. exf4 {[%clk 0:44:44]} Kxd4 {[%clk
0:26:09]} 40. a5 {[%clk 0:45:03]} Rb8+ {[%clk 0:24:42]} 41. Ka4 {[%clk
0:44:41]} Kc5 {[%clk 0:24:43]} 42. g4 {[%clk 0:43:07]} Rb4+ {[%clk 0:24:43]}
43. Ka3 {[%clk 0:43:27]} Rxf4 {[%clk 0:24:56]} 44. a6 {[%clk 0:43:28]} Rxf3+
{[%clk 0:24:59]} 45. Ka4 {[%clk 0:43:31]} Kb6 {[%clk 0:22:51]} 46. a7 {[%clk
0:43:42]} Kxa7 {[%clk 0:23:15]} 47. Kb5 {[%clk 0:44:03]} Rc3 {[%clk 0:23:25]}
48. Kb4 {[%clk 0:44:09]} Rc7 {[%clk 0:23:28]} 49. Kb5 {[%clk 0:44:18]} Kb8
{[%clk 0:23:49]} 50. Kb6 {[%clk 0:44:41]} Kc8 {[%clk 0:24:04]} 51. Kb5 {[%clk
0:44:58]} Kd7 {[%clk 0:24:15]} 52. Kb6 {[%clk 0:45:12]} Rc1 {[%clk 0:24:38]}
53. h4 {[%clk 0:45:35]} Kd6 {[%clk 0:24:35]} 54. Kb5 {[%clk 0:45:53]} Rc8
{[%clk 0:24:43]} 55. Kb4 {[%clk 0:46:08]} Kd5 {[%clk 0:25:08]} 56. Kb3 {[%clk
0:46:34]} Kd4 {[%clk 0:25:32]} 57. Kb2 {[%clk 0:47:00]} Kd3 {[%clk 0:25:54]}
58. Kb1 {[%clk 0:47:26]} Kd2 {[%clk 0:26:01]} 59. Ka2 {[%clk 0:47:48]} Rb8
{[%clk 0:25:54]} 60. Ka3 {[%clk 0:48:09]} Kc3 {[%clk 0:26:06]} 61. Ka4 {[%clk
0:48:24]} Rb1 {[%clk 0:25:44]} 62. Ka5 {[%clk 0:48:32]} Kc4 {[%clk 0:25:28]}
63. Ka6 {[%clk 0:48:50]} Kc5 {[%clk 0:25:47]} 64. Ka7 {[%clk 0:49:14]} Kc6
{[%clk 0:26:10]} 65. Ka8 {[%clk 0:49:31]} Kc7 {[%clk 0:26:35]} 66. Ka7 {[%clk
0:49:49]} Ra1# 0-1

[Event "DEM U12w 2021"]
[Site "Willingen GER"]
[Date "2021.08.27"]
[Round "7"]
[White "Strübel, Katharina"]
[Black "Terekhin, Maria"]
[Result "1-0"]
[Termination "normal"]
[Board "14"]
[WhiteElo "1154"]
[BlackElo "1030"]
[WhiteClock "00:12:34"]
[BlackClock "00:27:01"]
[PlyCount "95"]
[WhiteFideId "16284879"]
[BlackFideId "16277422"]
[EventCountry "GER"]
[EventRounds "9"]
[EventType "swiss"]
[EventDate "2021.08.22"]

1. e4 {[%clk 1:30:54]} e5 {[%clk 1:30:56]} 2. Bc4 {[%clk 1:31:10]} Nf6 {[%clk
1:31:03]} 3. d4 {[%clk 1:31:16]} exd4 {[%clk 1:31:04]} 4. Qxd4 {[%clk 1:30:53]}
Nc6 {[%clk 1:31:12]} 5. Qe3 {[%clk 1:30:28]} Be7 {[%clk 1:30:41]} 6. Nc3 {[%clk
1:28:01]} O-O {[%clk 1:30:40]} 7. Bd2 {[%clk 1:27:36]} Re8 {[%clk 1:30:08]} 8.
O-O-O {[%clk 1:26:49]} Bb4 {[%clk 1:27:06]} 9. f3 {[%clk 1:23:37]} Bxc3 {[%clk
1:24:25]} 10. Bxc3 {[%clk 1:20:28]} Ne5 {[%clk 1:19:56]} 11. Bb3 {[%clk
1:18:28]} c6 {[%clk 1:14:35]} 12. g4 {[%clk 1:17:29]} d6 {[%clk 1:04:51]} 13.
h4 {[%clk 1:15:46]} Be6 {[%clk 1:01:05]} 14. h5 {[%clk 1:12:48]} Bxb3 {[%clk
1:00:40]} 15. axb3 {[%clk 1:11:52]} Qc7 {[%clk 0:56:33]} 16. g5 {[%clk
1:09:34]} Nfd7 {[%clk 0:55:54]} 17. f4 {[%clk 1:07:49]} Ng4 {[%clk 0:55:24]}
18. Qg3 {[%clk 1:07:06]} Rxe4 {[%clk 0:53:29]} 19. Qxg4 {[%clk 1:06:20]} d5
{[%clk 0:53:18]} 20. Ne2 {[%clk 1:04:32]} Rae8 {[%clk 0:53:16]} 21. Rhe1 {[%clk
1:03:26]} Ne5 {[%clk 0:39:29]} 22. Bxe5 {[%clk 0:56:17]} Qxe5 {[%clk 0:39:53]}
23. fxe5 {[%clk 0:56:17]} Rxg4 {[%clk 0:39:53]} 24. Rg1 {[%clk 0:55:20]} Re4
{[%clk 0:39:34]} 25. Nc3 {[%clk 0:51:06]} R4xe5 {[%clk 0:39:25]} 26. Kd2 {[%clk
0:49:31]} d4 {[%clk 0:38:36]} 27. Nb1 {[%clk 0:48:36]} Re2+ {[%clk 0:38:21]}
28. Kc1 {[%clk 0:48:28]} c5 {[%clk 0:38:16]} 29. b4 {[%clk 0:46:31]} b6 {[%clk
0:38:21]} 30. bxc5 {[%clk 0:45:12]} bxc5 {[%clk 0:38:48]} 31. Na3 {[%clk
0:44:16]} Kf8 {[%clk 0:36:16]} 32. Nb5 {[%clk 0:42:27]} a6 {[%clk 0:36:24]} 33.
Nc7 {[%clk 0:42:12]} R8e5 {[%clk 0:36:06]} 34. Nxa6 {[%clk 0:41:53]} Rf5 35.
Rdf1 {[%clk 0:39:20]} g6 {[%clk 0:32:27]} 36. Rxf5 {[%clk 0:39:01]} gxf5 {[%clk
0:32:53]} 37. Nxc5 {[%clk 0:37:23]} f4 {[%clk 0:32:33]} 38. Nd3 {[%clk
0:36:49]} f3 {[%clk 0:32:28]} 39. Rf1 {[%clk 0:36:59]} Re3 {[%clk 0:32:04]} 40.
b4 {[%clk 0:34:56]} Ke7 {[%clk 0:32:16]} 41. Nf4 {[%clk 0:33:36]} Kd6 {[%clk
0:29:30]} 42. b5 {[%clk 0:27:44]} Kc5 {[%clk 0:29:13]} 43. b6 {[%clk 0:27:53]}
Kc6 {[%clk 0:29:27]} 44. Kd2 {[%clk 0:27:32]} Kb7 {[%clk 0:28:44]} 45. h6
{[%clk 0:19:02]} Kc6 {[%clk 0:27:19]} 46. g6 {[%clk 0:12:20]} fxg6 {[%clk
0:26:44]} 47. Nxg6 {[%clk 0:12:28]} Kxb6 {[%clk 0:27:01]} 48. Nf8 {[%clk
0:12:34]} 1-0